Lire, c'est aussi ecrire

Αποθηκεύτηκε σε:
Λεπτομέρειες βιβλιογραφικής εγγραφής
Κύριος συγγραφέας: Gelbert, Gisele
Μορφή: Βιβλίο
Γλώσσα:French
Δημοσίευση: Paris : Odile Jacob, 1998
Θέματα:
Ετικέτες: Προσθήκη ετικέτας
Δεν υπάρχουν, Καταχωρήστε ετικέτα πρώτοι!

MARC

LEADER 00000nam a2200000 i 4500
001 1/102696
008 000228s1998 fre d
020 |a 2-7381-0538-6 
035 |l 10058186 
040 |a GR-MY-UA  |b gre  |e aacr 
041 0 |a fre 
082 0 |a 616.8552 
100 1 |a Gelbert, Gisele. 
245 1 0 |a Lire, c'est aussi ecrire /  |c Gisele Gelbert 
260 |a Paris :   |b Odile Jacob,   |c 1998 
300 |a 312 p. 
650 0 0 |a Aphasia. 
852 |a INST  |b RHODES  |e 20000228  |h 616.8552 GEL  |p 005400015236  |q 005400015236  |t BK  |y 0 
901 |a BIBL4-2000-1 
909 |a Ρ  |b 064996 
922 |a 4ΕΛΗ  |b 199903  |c ΚΠΣ/154  |d LEADER BOOKS 
970 |a ΚΟΥΛΑΚΙΟΤΗ  |b ΛΙΤΣΑ  |z 2000/02/28